UK Towns Quiz - Berkshire - Extreme - Statistics

General Stats
  • This quiz has been taken 185 times
  • The average score is 15 of 45
Answer Stats
Clue Population Name of Town % Correct
R 203,808 Reading
100%
S 166,877 Slough
96%
M 67,374 Maidenhead
88%
O 7,690 Old Windsor
86%
W 31,563 Windsor
86%
B 78,660 Bracknell
85%
N 42,265 Newbury
80%
W 50,320 Wokingham
77%
A 23,989 Ascot
53%
T 8,071 Twyford
50%
E 2,460 Eton
48%
T 25,547 Thatcham
48%
W 8,900 Winnersh
48%
H 5,185 Hungerford
46%
W 38,027 Woodley
45%
S 20,222 Sandhurst
43%
P 3,277 Pangbourne
38%
T 3,049 Theale
36%
C 5,216 Cookham
35%
C 33,042 Caversham
32%
C 15,189 Crowthorne
31%
S 5,419 Shinfield
28%
S 1,615 Sonning
25%
B 4,857 Binfield
24%
M 2,929 Mortimer
22%
W 2,898 Wargrave
19%
A 4,307 Arborfield Garrison
17%
D 4,807 Datchet
17%
H 1,009 Hurst
17%
B 6,214 Burghfield Common
15%
U 1,071 Upper Basildon
12%
L 3,139 Lambourn
11%
U 1,036 Upper Bucklebury
10%
E 2,124 Eton Wick
9%
H 1,317 Hurley
9%
K 2,053 Kintbury
9%
S 7,607 Spencers Wood
9%
C 2,267 Cold Ash
8%
W 1,753 Winkfield Row
8%
C 3,163 Charvil
6%
H 2,223 Hermitage
6%
C 1,901 Colnbrook
4%
C 1,792 Compton
3%
P 1,736 Poyle
2%
N 1,871 Newell Green
1%
No matching quizzes found
Score Distribution
Percent of People with Each Score
Percentile by Number Answered
Your Score History
You have not taken this quiz